Kierunki polityki dochodowej w Polsce
Na minha lista:
| Formato: | Livro |
|---|---|
| Idioma: | polonês inglês |
| Publicado em: |
Lódz
Wydawnictwo Uniwersytetu Lódzkiego
1991
|
| Edição: | 1. wyd. |
| Colecção: | Folia Oeconomica
111 |
| Assuntos: | |
| Tags: |
Sem tags, seja o primeiro a adicionar uma tag!
|
MARC
| LEADER | 00000nam a2200000 4500 | ||
|---|---|---|---|
| 001 | c014152 | ||
| 005 | 20221206114717.4 | ||
| 041 | 0 | |a pol | |
| 041 | 0 | |a eng | |
| 044 | |a PL | ||
| 245 | 1 | 0 | |a Kierunki polityki dochodowej w Polsce |
| 250 | |a 1. wyd. | ||
| 264 | 1 | |a Lódz |b Wydawnictwo Uniwersytetu Lódzkiego |c 1991 | |
| 300 | |a 214 s. | ||
| 490 | 1 | |a Folia Oeconomica |v 111 | |
| 830 | 0 | |a Folia Oeconomica |v 111 | |
| 610 | 2 | 0 | |a príjmy |
| 610 | 2 | 0 | |a riadenie |
| 610 | 2 | 0 | |a politika sociálna |
| 610 | 2 | 0 | |a reformy |
| 610 | 2 | 0 | |a dotácie |
| 610 | 2 | 0 | |a ceny |
| 610 | 2 | 0 | |a potraviny |
| 610 | 2 | 0 | |a stavebníctvo |
| 610 | 2 | 0 | |a invalidi |
| 610 | 2 | 0 | |a podnik |
| 610 | 2 | 0 | |a obchod zahraničný |
| 610 | 2 | 0 | |a organizácia práce |
| 610 | 2 | 0 | |a Poľsko |